01163nam a22002775a 450000500170000000800410001702000180005804000380007608200210011410000320013524501160016725000120028326000690029530000340036450000240039850400410042265000500046365000590051365100100057265300340058270000340061670000410065094200080069199900170069995201690071620160110121039.0150629s2013 ii a frb 001 0 eng d a9789350902769 aEG-ScBUEbengdEG-ScBUEdEG-ScBUE04a612.015bSHA2221 aShankara, Shivaraja.93899110aLaboratory manual for practical biochemistry /cShivara shankara ; co-authors Ganesh M. K., Shivashankara A. R. a2nd ed. aNew Delhi : bJaypee brothers medical publishers (p) LTD,c2013. axvi, 164 p. :bill. ;c24 cm. aIndex : p. 158-164. aIncludes bibliographical references. 0aBiochemistryvHandbooks, manuals, etc.2BUEsh 0aClinical biochemistryvHandbooks, manuals, etc.2BUEsh 2BUEsh bENGGENcJune2015cJanuary20161 aM. K., Ganesh, econtributor.1 aA. R., Shivashankara, econtributor. 2ddc c20062d20034 00102ddc40708ScientificaMAINbMAINc1STd2015-06-29ePurchaseg220.00h1091l1o612.015 SHAp000039197q2025-09-25r2025-08-26 00:00:00s2025-08-26v275.00yBB